Statistics for Most Popular Dish

Click here to take the quiz!

General Stats

  • This quiz has been taken 17 times
    (10 since last reset)
  • The average score is 11 of 16

Answer Stats

Answer% Correct
China - Xiao Long Bao
100%
Germany - Pretzel
100%
Italy - Spaghetti Bolognese
90%
Belgium - Belgian Fries
80%
Italy - Tiramisu
80%
Mexico - Taco
80%
USA - Thanksgiving turkey
80%
Poland/Ukraine - Pierogi Ruskie
70%
Spain - Churros
70%
Thailand - Pad Thai
70%
Greece - Souvlaki
60%
Japan - Ramen
60%
Turkey - Doner Kebab
60%
France - Escargot
50%
Czech Republic/Slovakia - Smažený sýr
10%
Russia/Ukraine/Belarus/Latvia - Pielmieni
10%

Score Distribution

Percentile by Number Answered

Percent of People with Each Score

Your Score History

You have not taken this quiz since the last reset